000 01884nam a22003737a 4500
001 0028638
003 KOHA_MİRAKIL
005 20260207002636.0
007 ta
008 110317b1988 tu |||gr||||#0|||0|tur |
020 _c0,01
040 _aTR-BiSEU
_btur
_cTR-BiSEU
_erda
041 0 _atur
044 _ctu
050 _aDR576
_b.S24 1988
100 1 _aSafa, Peyami.
245 1 _aTürk İnkılabına bakışlar/
_cPeyami Safa ; Peyami Safa..
264 1 _aAnkara :
_bKültür Bakanlığı
_c1988
300 _a206 sayfa ;
_c23 cm.
336 _ametin
_btxt
_2rdacontent
337 _aaracısız
_bn
_2rdamedia
338 _acilt
_bnc
_2rdacarrier
490 1 _aDoğumunun 100.
490 1 _ayılında Atatürk yayınları ;
_v 16.
490 1 _aKültür Bakanlığı yayınları ;
_v407
505 _aTürk İnkılâbı'nın temellerini erken bir dönemde hiçbir tartışmaya mahal vermeyecek açıklıkla aşikâr kılan bir eserdir. "Türk İnkılâbına Bakışlar"ın iki özelliği vardır. Birincisi inkılâp öncesi fikir cereyanlarını en gerçek kaynaklarıyla ortaya koymaya çalışmış olmasıdır. Kitaptaki vesikalardan, Atatürk inkılâbının İkinci Meşrutiyette ortaya çıkan ve müdafaası yapılan Avrupalılaşma hareketinden aynen ilham aldığı görülür. Eserin ikinci özelliği, Türk İnkılâbının tarih felsefesi, medeniyetlerin mukayesesi, Şark (Doğu) ve Garp (Batı) mefhumlarının tahlili, İslâm Türk ve Batı düşünceleri arasındaki kaynakların müşterek oluşunu izah bakımından ilk deneme oluşudur.
650 0 _aTurkey--History 20th century.
_912784
650 0 _aTürkiye--Tarih 20. yy.
_912785
830 1 _aDoğumunun 100.
_912782
830 1 _ayılında Atatürk yayınları ;
_v 16.
_912783
830 1 _aKültür Bakanlığı yayınları ;
_v407
_96658
907 _aTarih
942 _2lcc
_cBK
999 _c28560
_d28560